خوراک اور نگھداشت (Record no. 14967)

000 -LEADER
fixed length control field 00215nam a22000977a 4500
100 ## - MAIN ENTRY--AUTHOR NAME
Personal name خان آفتاب
245 ## - TITLE STATEMENT
Title خوراک اور نگھداشت
260 ## - PUBLICATION, DISTRIBUTION, ETC. (IMPRINT)
Place of publication لاھور
Year of publication 1988
300 ## - PHYSICAL DESCRIPTION
Number of Pages 189پ
942 ## - ADDED ENTRY ELEMENTS (KOHA)
Koha item type Books
Holdings
Withdrawn status Lost status Permanent Location Current Location Date acquired Cost, normal purchase price Accession Number Koha item type
    Central Library, QUEST, Nawabshah Stacks area 2015-12-08 48.00 13825 Books

Copyright © 2018,The QUEST, Nawabshah, Shaheed Benazirabad. All rights reserved
Mr. G. Farooq Channar (Librarian) QUEST, Nawabshah, Sindh, Pakistan 67480.
 Ph#: |   0244-9370381-4 Ext. 2308   Email| lib@quest.edu.pk   Web|  http://www.quest.edu.pk